000 01105cac a2200301 a 4500
003 CO-PeBPM
005 20250429105907.0
008 231129e2004||||xx abd||||||||||| ||spa||
020 _a9582408022
040 0 _aCO-PeBPM
_bspa
_cCO-PeBPM
041 0 _aspa
082 _a300.7 T161c
100 1 _aTanacs,Erika
_eautor
245 1 0 _aContextos sociales 7
_c/ autor Erika tanacs, Wilson Paul Rueda ; ilustradora Gloria Cárdenas Gómez ; Fotografía por Gustavo Rodríguez Álvarez; editado por Daniel Augusto Jaramillo
260 _aBogotá, Colombia
_b: editorial santillana S.A
_c2004
300 _a214 páginas
_b: ilustraciones, mapas, gráficas
_c; 27 centímetros
490 _a Santillana siglo XXI
500 _aincluye índice
504 _aincluye bibliografía
650 1 4 _a Ciencias sociales
_2LEMB
650 _aEnseñanza secundaria 2
_2LEMB
650 _aCiencias sociales
_2LEMB
650 _aEnseñanza secundaria 2
_2LEMB
650 _aCiencias sociales
_2LEMB
650 _aEnseñanza secundaria
_2LEMB
650 _aLibros de textoN1
_2LEMB
942 _2ddc
_cBK
999 _c60691
_d60691